<?xml version="1.0" encoding="UTF-8"?>
<collection xmlns="http://www.loc.gov/MARC21/slim">
 <record>
  <leader>01902nam a2200217Ia 4500</leader>
  <controlfield tag="001">CTU_140561</controlfield>
  <controlfield tag="008">210402s9999    xx            000 0 und d</controlfield>
  <datafield tag="020" ind1=" " ind2=" ">
   <subfield code="c">15000</subfield>
  </datafield>
  <datafield tag="082" ind1=" " ind2=" ">
   <subfield code="a">823.8</subfield>
  </datafield>
  <datafield tag="082" ind1=" " ind2=" ">
   <subfield code="b">B869/2000</subfield>
  </datafield>
  <datafield tag="100" ind1=" " ind2=" ">
   <subfield code="a">Bronte, Charlotte</subfield>
  </datafield>
  <datafield tag="245" ind1=" " ind2="0">
   <subfield code="a">Jane Eyre</subfield>
  </datafield>
  <datafield tag="245" ind1=" " ind2="0">
   <subfield code="c">Charlotte Bronte ; Người dịch: Văn Hòa</subfield>
  </datafield>
  <datafield tag="260" ind1=" " ind2=" ">
   <subfield code="a">[Thành phố Hồ Chí Minh]</subfield>
  </datafield>
  <datafield tag="260" ind1=" " ind2=" ">
   <subfield code="b">Văn nghệ Thành phố Hồ Chí Minh</subfield>
  </datafield>
  <datafield tag="260" ind1=" " ind2=" ">
   <subfield code="c">2000</subfield>
  </datafield>
  <datafield tag="520" ind1=" " ind2=" ">
   <subfield code="a">Chuyện kể về cô bé Jane Eyre mồ côi cha mẹ từ nhỏ, được người cậu ruột mang về nuôi. Trải qua một tuổi thơ đau khổ bị hắt hủi và bị đưa vào trại trẻ mồ côi. Jane cùng bè bạn của cô phải sống trong những điều kiện ngặt nghèo. Nhưng ngay từ nhỏ, tinh thần phản kháng và ý thức tự lập đã sớm nảy sinh trong tâm hồn thơ trẻ của Jane. Đến năm 18 tuổi Jane đến xin việc ở lâu đài Thornfield. Ông Rochester, chủ lâu đài đem lòng yêu mến cô gia sư trẻ; Ông cũng được cô đáp lại bằng một mối tình nồng nàn say đắm. Hai người làm lễ cưới nhưng không thành. Jane trốn khỏi Thornfield. Jane được anh em Mục sư St. John cứu giúp và tìm việc cho làm. Nhờ những may mắn của số phận, Jane bỗng trở nên giàu có và tìm được họ hàng thân thích. Cuối cùng Janequay trở về với ông Rochester, xây dựng lại hạnh phúc đã mất</subfield>
  </datafield>
  <datafield tag="650" ind1=" " ind2=" ">
   <subfield code="a">English fiction,Tiểu thuyết Anh</subfield>
  </datafield>
  <datafield tag="650" ind1=" " ind2=" ">
   <subfield code="y">19th century,Thế kỷ 19</subfield>
  </datafield>
  <datafield tag="904" ind1=" " ind2=" ">
   <subfield code="i">Huỳnh Mai</subfield>
  </datafield>
  <datafield tag="980" ind1=" " ind2=" ">
   <subfield code="a">Trung tâm Học liệu Trường Đại học Cần Thơ</subfield>
  </datafield>
 </record>
</collection>
